• 首页
  • 本馆介绍
  • 公告通知
  • 最新文献
  • 馆藏检索
  • 电子资源
  • 读者导购
  • 参考咨询
  • 我的图书馆
  • 登录
  • 详细信息显示
  • 放入我的书架
  • 预约/预借图书
  • 作者相关作品
  • 分类相关作品
  • 丛书相关作品
  • 出版社相关作品

书目信息

  • 表格格式
  • 工作单格式
  • 卡片格式
题名:
人体解剖生理学
    
 
作者: 程凤翔 主编
分册: 下册  
出版信息: 沈阳   东北师范大学出版社  1991
页数: 322页
开本: 20厘米
丛书名:
单 册:
中图分类: R324
科图分类: 59.4212
主题词: 人体解剖学∶人体生理学--师范大学--教材 , 人体生理学∶人体解剖学--师范大学--教材
电子资源:
ISBN: 7-5602-0402-3
000 00842nam0 2200265 45
001 0191020744
005 20070720093329.14
010    @a7-5602-0402-3@dCNY7.00
100    @a19910829d1991 em y0chiy0121 ea
101 0  @achi
102    @aCN@b210000
102    @aCN@b220000
105    @ay z 000yy
200 10 @a人体解剖生理学@AREN TI JIE POU SHENG LI XUE@h下册@f程凤翔主编@Fcheng feng xiang zhu bian
210    @a沈阳@c东北师范大学出版社@d1991@h1996
215    @a322页@d20厘米
300    @a全国高等师范专科学校教材
540 1  @a人体 解剖 生理学@AREN TI JIE POU SHENG LI XUE
606    @a人体解剖学∶人体生理学@x师范大学@x教材
606    @a人体生理学∶人体解剖学@x师范大学@x教材
690    @aR324
692    @a59.4212
701  0 @a程凤翔@Acheng feng xiang@4主编
801  0 @aCN@bTSSF@c20070720
905    @a10447@dR324@e165:2
    
    人体解剖生理学.下册/程凤翔主编.-沈阳:东北师范大学出版社,1991(1996)
    322页;20厘米
    全国高等师范专科学校教材
    
    ISBN 7-5602-0402-3:CNY7.00
    
●
相关链接 在E读中查询图书 在五车中查询图书 在当当中查询图书 在豆瓣中查询图书


正题名:人体解剖生理学     索取号:R324/165:2         预约/预借

序号 登录号 条形码 馆藏地/架位号 状态 备注
1 0513437   205134371   密集书库/ [索取号:R324/165:2] 在馆    
2 0513438   205134380   密集书库/ [索取号:R324/165:2] 在馆    
3 0513439   205134399   密集书库/ [索取号:R324/165:2] 在馆    
4 0513440   205134406   密集书库/ [索取号:R324/165:2] 在馆    
5 0513441   205134415   密集书库/ [索取号:R324/165:2] 在馆    
6 0513442   205134424   密集书库/ [索取号:R324/165:2] 在馆    
7 0513443   205134433   密集书库/ [索取号:R324/165:2] 在馆    
8 0513444   205134442   密集书库/ [索取号:R324/165:2] 在馆    
9 0513445   205134451   密集书库/ [索取号:R324/165:2] 在馆    
10 0513446   205134460   密集书库/ [索取号:R324/165:2] 在馆    
11 0513447   205134479   密集书库/ [索取号:R324/165:2] 在馆    
12 0513448   205134488   密集书库/ [索取号:R324/165:2] 在馆    
13 0513449   205134497   密集书库/ [索取号:R324/165:2] 在馆    
14 0513450   205134503   密集书库/ [索取号:R324/165:2] 在馆    
15 0513451   205134512   密集书库/ [索取号:R324/165:2] 在馆    
16 0513452   205134521   密集书库/ [索取号:R324/165:2] 在馆    
17 0513453   205134530   密集书库/ [索取号:R324/165:2] 在馆    
18 0513454   205134549   密集书库/ [索取号:R324/165:2] 在馆    
19 0513455   205134558   密集书库/ [索取号:R324/165:2] 在馆    
20 0513456   205134567   密集书库/ [索取号:R324/165:2] 在馆    
21 0513457   205134576   密集书库/ [索取号:R324/165:2] 在馆    
22 0513458   205134585   密集书库/ [索取号:R324/165:2] 在馆    
23 0513459   205134594   密集书库/ [索取号:R324/165:2] 在馆    
24 0513460   205134601   密集书库/ [索取号:R324/165:2] 在馆    
25 0513461   205134610   密集书库/ [索取号:R324/165:2] 在馆    
26 0513462   205134629   密集书库/ [索取号:R324/165:2] 在馆    
27 0513463   205134638   密集书库/ [索取号:R324/165:2] 在馆    
28 0513464   205134647   密集书库/ [索取号:R324/165:2] 在馆    
29 0513465   205134656   密集书库/ [索取号:R324/165:2] 在馆    
30 0513466   205134665   密集书库/ [索取号:R324/165:2] 在馆    
31 0513467   205134674   密集书库/ [索取号:R324/165:2] 在馆    
32 0513468   205134683   密集书库/ [索取号:R324/165:2] 在馆    
33 0513469   205134692   密集书库/ [索取号:R324/165:2] 在馆    
34 0513470   205134709   密集书库/ [索取号:R324/165:2] 在馆    
35 0513471   205134718   密集书库/ [索取号:R324/165:2] 在馆    
36 0513472   205134727   密集书库/ [索取号:R324/165:2] 在馆    
37 0513473   205134736   密集书库/ [索取号:R324/165:2] 在馆    
38 0513474   205134745   密集书库/ [索取号:R324/165:2] 在馆    
39 0513475   205134754   密集书库/ [索取号:R324/165:2] 在馆    
40 0513476   205134763   密集书库/ [索取号:R324/165:2] 在馆    
41 0513477   205134772   密集书库/ [索取号:R324/165:2] 在馆    
42 0513478   205134781   密集书库/ [索取号:R324/165:2] 在馆    
43 0513479   205134790   密集书库/ [索取号:R324/165:2] 在馆    
44 0513480   205134807   密集书库/ [索取号:R324/165:2] 在馆    
45 0513481   205134816   密集书库/ [索取号:R324/165:2] 在馆    
46 0635706   206357066   密集书库/ [索取号:R324/165:2] 在馆    
47 0645208   206452088   库房3/ [索取号:R324/165:2] 在馆    
48 0769483   207694832   密集书库/ [索取号:R324/165:2] 在馆    
唐山师范学院图书馆 欢迎您!
大连网信软件有限公司© 版权所有